<?xml version="1.0" encoding="UTF-8"?><?xml-stylesheet type="text/xsl" href="static/style.xsl"?><OAI-PMH xmlns="http://www.openarchives.org/OAI/2.0/" xmlns:xsi="http://www.w3.org/2001/XMLSchema-instance" xsi:schemaLocation="http://www.openarchives.org/OAI/2.0/ http://www.openarchives.org/OAI/2.0/OAI-PMH.xsd"><responseDate>2026-04-30T05:15:45Z</responseDate><request verb="GetRecord" identifier="oai:uvadoc.uva.es:10324/73392" metadataPrefix="marc">https://uvadoc.uva.es/oai/request</request><GetRecord><record><header><identifier>oai:uvadoc.uva.es:10324/73392</identifier><datestamp>2025-03-26T19:45:18Z</datestamp><setSpec>com_10324_5262</setSpec><setSpec>com_10324_5186</setSpec><setSpec>com_10324_29291</setSpec><setSpec>col_10324_73387</setSpec></header><metadata><record xmlns="http://www.loc.gov/MARC21/slim" xmlns:doc="http://www.lyncode.com/xoai" xmlns:xsi="http://www.w3.org/2001/XMLSchema-instance" xmlns:dcterms="http://purl.org/dc/terms/" xsi:schemaLocation="http://www.loc.gov/MARC21/slim http://www.loc.gov/standards/marcxml/schema/MARC21slim.xsd">
<leader>00925njm 22002777a 4500</leader>
<datafield tag="042" ind1=" " ind2=" ">
<subfield code="a">dc</subfield>
</datafield>
<datafield tag="720" ind1=" " ind2=" ">
<subfield code="a">Arangüena Fanego, María del Coral</subfield>
<subfield code="e">author</subfield>
</datafield>
<datafield tag="260" ind1=" " ind2=" ">
<subfield code="c">2025</subfield>
</datafield>
<datafield tag="520" ind1=" " ind2=" ">
<subfield code="a">El presente trabajo ofrece un análisis crítico de la Directiva (UE) 2024/1385 del Parlamento Europeo y del Consejo, de 14 de mayo de 2024, sobre la lucha contra la violencia contra las mujeres y la violencia doméstica. Esta Directiva establece normas mínimas relativas a la definición de las infracciones penales y las sanciones en los ámbitos de la explotación sexual de mujeres y niños y los delitos informáticos, así como los derechos de las víctimas de todas las formas de violencia contra las mujeres o violencia doméstica antes, durante y por un tiempo adecuado después del proceso penal. También establece normas relativas a la protección y el apoyo a las víctimas, la prevención y la intervención precoz. El análisis se centrará, principalmente, en los aspectos procesales destacando las modificaciones que exigirá su transposición en España.</subfield>
</datafield>
<datafield tag="024" ind2=" " ind1="8">
<subfield code="a">Revista de Estudios Europeos; Núm. 85 (2025) pags. 1-44</subfield>
</datafield>
<datafield tag="024" ind2=" " ind1="8">
<subfield code="a">2530-9854</subfield>
</datafield>
<datafield tag="024" ind2=" " ind1="8">
<subfield code="a">https://uvadoc.uva.es/handle/10324/73392</subfield>
</datafield>
<datafield tag="024" ind2=" " ind1="8">
<subfield code="a">10.24197/ree.85.2025.1-44</subfield>
</datafield>
<datafield tag="024" ind2=" " ind1="8">
<subfield code="a">1</subfield>
</datafield>
<datafield tag="024" ind2=" " ind1="8">
<subfield code="a">85</subfield>
</datafield>
<datafield tag="024" ind2=" " ind1="8">
<subfield code="a">44</subfield>
</datafield>
<datafield tag="245" ind1="0" ind2="0">
<subfield code="a">Últimos pasos en la Unión Europea para la protección de los derechos de las víctimas. la Directiva (UE) del Parlamento Europeo y del Consejo sobre la lucha contra la violencia sobre las mujeres y la violencia doméstica</subfield>
</datafield>
</record></metadata></record></GetRecord></OAI-PMH>